[Event "POL Youth-ch U20 Girls 2020"]
[Site "Pokrzywna"]
[Date "2020.12.04"]
[Round "7.10"]
[White "Zabrzanska, Weronika"]
[Black "Budkiewicz, Magdalena"]
[Result "1/2-1/2"]
[WhiteElo "1849"]
[BlackElo "1672"]
[Annotator "NA RC"]
[PlyCount "60"]
[EventDate "2020.11.29"]
[EventType "swiss"]
[EventCountry "POL"]
[SourceTitle "playchess.com"]
[Source "ChessBase"]
[SourceQuality "1"]
[TimeControl "40/5400+30:1800+30"]

1. e4 {[%emt 0:00:00]} c5 {[%emt 0:00:00]} 2. Nc3 {[%emt 0:00:00]} Nc6 {[%emt 0:00:00]} 3. Nf3 {[%emt 0:00:00]} e5 {[%emt 0:00:13]} 4. Bc4 {[%emt 0:00:00]} Be7 {[%emt 0:00:20]} 5. Nd5 {[%emt 0:01:35]} Nf6 {[%emt 0:01:20]} 6. Nxe7 {[%emt 0:00:22]} Qxe7 {[%emt 0:00:47]} 7. d3 {[%emt 0:00:13]} h6 {[%emt 0:01:49]} 8. c3 {[%emt 0:00:27]} d6 {[%emt 0:01:07]} 9. h3 {[%emt 0:02:10]} a6 {[%emt 0:09:49]} 10. a4 {[%emt 0:05:47]} Be6 {[%emt 0:09:44]} 11. Nd2 {[%emt 0:02:23]} O-O {[%emt 0:03:26]} 12. O-O {[%emt 0:01:39]} Bxc4 {[%emt 0:03:39]} 13. Nxc4 {[%emt 0:00:17]} d5 {[%emt 0:00:40]} 14. Ne3 {[%emt 0:11:37]} Qe6 {[%emt 0:10:05]} 15. Qf3 {[%emt 0:09:36]} Ne7 {[%emt 0:00:22]} 16. exd5 {[%emt 0:04:45]} Nfxd5 {[%emt 0:01:49]} 17. Nxd5 {[%emt 0:06:36]} Nxd5 {[%emt 0:08:21]} 18. Re1 {[%emt 0:11:20]} f5 {[%emt 0:04:58]} 19. Bf4 {[%emt 0:09:10]} Nxf4 {[%emt 0:05:05]} 20. Qxf4 {[%emt 0:00:26]} Rae8 {[%emt 0:01:04]} 21. Qe3 {[%emt 0:01:39]} Qd5 {[%emt 0:05:05]} 22. Rad1 {[%emt 0:03:45]} Rf6 {[%emt 0:04:55]} 23. d4 {[%emt 0:09:08]} cxd4 {[%emt 0:01:35] [#]} 24. Rxd4 $11 {[%emt 0:01:32]} exd4 {[%emt 0:01:34]} 25. Qxe8+ {[%emt 0:00:11]} Kh7 {[%emt 0:05:08]} 26. Qe5 {[%emt 0:05:16]} Qxe5 {[%emt 0:03:21]} 27. Rxe5 {[%emt 0:00:06]} dxc3 {[%emt 0:00:07]} 28. bxc3 {[%emt 0:00:05]} Kg6 {[%emt 0:00:09]} 29. Kf1 {[%emt 0:01:24]} Rc6 {[%emt 0:03:23]} 30. Re7 {[%emt 0:00:23]} b6 {[%emt 0:03:07]} 1/2-1/2

[Event "POL Youth-ch U20 Girls 2020"]
[Site "Pokrzywna"]
[Date "2020.12.04"]
[Round "7.11"]
[White "Pawicka, Magdalena"]
[Black "Starosta, Martyna"]
[Result "1-0"]
[WhiteElo "1762"]
[BlackElo "2094"]
[Annotator "TA"]
[PlyCount "97"]
[EventDate "2020.11.29"]
[EventType "swiss"]
[EventCountry "POL"]
[SourceTitle "playchess.com"]
[Source "ChessBase"]
[SourceQuality "1"]

{[%evp 19,97,10,12,0,0,0,8,-19,-22,-94,-21,-15,-20,-37,-36,-45,-47,-39,-18,-19,-13,-22,-12,-17,0,0,0,0,0,-6,0,0,0,0,0,0,0,0,0,0,0,0,0,0,0,0,0,0,0,-7,0,0,0,0,3071,2774,1142,0,0,0,5181,2554,6087,6087,6083,6083,29980,29981,29980,29981,29982,29983,29983,29984,29985,29985,29985,29983,29983,29984]} 1. e4 c5 2. Nf3 d6 3. d4 cxd4 4. Nxd4 Nf6 5. Nc3 a6 6. Be2 e5 7. Nb3 Be7 8. Bg5 Be6 9. Bxf6 Bxf6 10. Qd3 Nc6 11. Nd5 {B92: Sicilian Najdorf: 6 Be2.} O-O 12. c3 Bg5 13. O-O {The position is equal.} (13. Rd1 {feels hotter.} a5 14. h4 Bxh4 15. Nd2 Be7 16. a4) 13... Ne7 {[#]} 14. Rad1 $146 (14. Ne3 $11) ({Predecessor:} 14. Ne3 Qc7 15. g3 Rfd8 16. f4 Bh6 17. Bg4 Bxb3 18. axb3 exf4 19. gxf4 d5 20. e5 {0-1 (43) Charbonneau,P (2501)-Milman,L (2473) ICC INT 2006}) 14... Bxd5 (14... Nxd5 $17 15. exd5 Bd7) 15. exd5 $11 f5 16. c4 b6 17. a4 Ng6 18. g3 e4 19. Qc2 Bf6 20. f3 exf3 21. Rxf3 f4 22. gxf4 Qd7 23. Nd4 Bxd4+ 24. Rxd4 Nh4 25. Rf2 Rae8 26. f5 Nxf5 27. Rdf4 {[%cal Rf4f5]} g6 28. Bg4 Re5 29. Bxf5 Rexf5 30. Rxf5 Rxf5 31. Rxf5 Qxf5 {[%mdl 4096] Endgame KQ-KQ} 32. Qb3 Qg4+ 33. Kf2 Qd4+ 34. Kg2 Kf7 35. Qf3+ Ke7 36. Qe2+ Qe5 $2 {[%mdl 8192] [#]} (36... Kf6 $11) 37. Qxe5+ $1 $18 dxe5 {[#] KP-KP} 38. Kf3 $2 ({Better is} 38. a5 $1 $18 {[%mdl 512]}) 38... a5 $1 $11 39. Ke4 Kd6 $2 {[%mdl 8192]} (39... Kf6 $11) 40. h3 $18 h6 41. h4 h5 42. b3 g5 43. hxg5 {White mates.} h4 44. Kf3 h3 45. Kg3 e4 46. Kxh3 Ke5 47. g6 Kf6 48. Kg3 Kxg6 49. Kf4 {Weighted Error Value: White=0.20/Black=0.28} 1-0

[Event "POL Youth-ch U20 Girls 2020"]
[Site "Pokrzywna"]
[Date "2020.12.04"]
[Round "7.12"]
[White "Czernikowska, Laura"]
[Black "Mirowska, Oliwia"]
[Result "1/2-1/2"]
[WhiteElo "1508"]
[BlackElo "1820"]
[Annotator "NA RC"]
[PlyCount "96"]
[EventDate "2020.11.29"]
[EventType "swiss"]
[EventCountry "POL"]
[SourceTitle "playchess.com"]
[Source "ChessBase"]
[SourceQuality "1"]
[TimeControl "40/5400+30:1800+30"]

1. d4 {[%emt 0:00:00]} Nf6 {[%emt 0:01:30]} 2. Nf3 {[%emt 0:00:00]} g6 {[%emt 0:02:39]} 3. b3 {[%emt 0:03:50]} c5 {[%emt 0:00:37]} 4. e3 {[%emt 0:01:29]} Bg7 {[%emt 0:00:51]} 5. Bb2 {[%emt 0:01:35]} O-O {[%emt 0:00:22]} 6. Nbd2 {[%emt 0:02:33]} d5 {[%emt 0:01:14]} 7. c4 {[%emt 0:06:18]} Na6 {[%emt 0:03:18]} 8. cxd5 {[%emt 0:03:12]} Nxd5 {[%emt 0:00:58]} 9. Bxa6 {[%emt 0:03:03]} bxa6 {[%emt 0:00:10]} 10. Nc4 {[%emt 0:01:41]} Bg4 {[%emt 0:02:03]} 11. h3 {[%emt 0:08:51]} Bf5 {[%emt 0:07:39]} 12. Nh4 {[%emt 0:10:32]} e6 {[%emt 0:03:03]} 13. Nxf5 {[%emt 0:00:48]} exf5 {[%emt 0:00:09]} 14. O-O {[%emt 0:04:39]} f4 {[%emt 0:04:38]} 15. e4 {[%emt 0:03:44]} Nf6 {[%emt 0:01:16]} 16. dxc5 {[%emt 0:06:26]} Nxe4 {[%emt 0:00:48]} 17. Bxg7 {[%emt 0:01:19]} Kxg7 {[%emt 0:00:07]} 18. Qxd8 {[%emt 0:00:40]} Rfxd8 {[%emt 0:00:09]} 19. b4 {[%emt 0:00:28]} Rd4 {[%emt 0:00:29]} 20. Rfc1 {[%emt 0:01:08]} a5 {[%emt 0:01:48]} 21. a3 {[%emt 0:00:21]} axb4 {[%emt 0:02:20]} 22. axb4 {[%emt 0:00:04]} Rb8 {[%emt 0:01:22]} 23. Rxa7 {[%emt 0:01:49]} Kf6 {[%emt 0:05:55]} 24. Nb6 {[%emt 0:13:25]} Rbd8 {[%emt 0:03:20]} 25. Raa1 {[%emt 0:04:37]} Rxb4 {[%emt 0:01:44]} 26. Ra4 {[%emt 0:01:19]} Rxa4 {[%emt 0:00:55]} 27. Nxa4 {[%emt 0:00:02]} Rc8 {[%emt 0:00:48]} 28. Rc4 {[%emt 0:00:35]} Kf5 {[%emt 0:01:12]} 29. f3 {[%emt 0:01:23]} Ng3 {[%emt 0:04:03]} 30. Nc3 {[%emt 0:02:26]} Ra8 {[%emt 0:01:18]} 31. Ra4 $11 {[%emt 0:04:24]} Rxa4 {[%emt 0:14:22]} 32. Nxa4 {[%emt 0:00:05]} Ne2+ {[%emt 0:00:37]} 33. Kf2 {[%emt 0:00:02]} Nd4 {[%emt 0:00:07]} 34. Nb6 {[%emt 0:01:34]} Ke6 {[%emt 0:02:34]} 35. Ke1 {[%emt 0:01:07]} g5 {[%emt 0:01:05]} 36. Kf2 {[%emt 0:00:16]} h5 {[%emt 0:01:32]} 37. g3 {[%emt 0:00:48]} fxg3+ {[%emt 0:04:40]} 38. Kxg3 {[%emt 0:00:02]} f5 {[%emt 0:00:20]} 39. Kf2 {[%emt 0:02:10]} Nb3 {[%emt 0:01:25]} 40. c6 {[%emt 0:00:00]} Kd6 {[%emt 0:00:00]} 41. c7 {[%emt 0:00:39]} Kxc7 {[%emt 0:00:27]} 42. Nd5+ {[%emt 0:00:07]} Kd6 {[%emt 0:01:31]} 43. Nf6 {[%emt 0:00:45]} Ke5 {[%emt 0:00:23]} 44. Nxh5 {[%emt 0:01:01]} Nc1 {[%emt 0:00:32]} 45. Ng3 {[%emt 0:01:49]} Nd3+ {[%emt 0:01:44]} 46. Kg2 {[%emt 0:03:00]} Kf4 {[%emt 0:01:20]} 47. Nxf5 {[%emt 0:07:26]} Kxf5 {[%emt 0:08:27]} 48. Kg3 {[%emt 0:00:22]} Ke5 1/2-1/2

[Event "POL Youth-ch U20 Girls 2020"]
[Site "Pokrzywna"]
[Date "2020.12.04"]
[Round "7.13"]
[White "Barwinska, Ewa"]
[Black "Siekanska, Zuzanna"]
[Result "1/2-1/2"]
[WhiteElo "1731"]
[BlackElo "1800"]
[Annotator "NA RC"]
[PlyCount "123"]
[EventDate "2020.11.29"]
[EventType "swiss"]
[EventCountry "POL"]
[SourceTitle "playchess.com"]
[Source "ChessBase"]
[SourceQuality "1"]
[TimeControl "40/5400+30:1800+30"]

1. e4 c5 2. Nf3 e6 3. d4 cxd4 4. Nxd4 Nf6 5. Nc3 d6 6. g4 h6 7. h4 Nc6 8. Rg1 d5 9. exd5 Nxd5 10. Nxd5 exd5 11. h5 Bc5 12. Qe2+ Kd7 13. Nxc6 bxc6 14. Qf3 Re8+ 15. Kd1 Qe7 16. Bd2 Rb8 17. Rb1 Bb4 18. c3 Ba3 19. Kc2 Bc5 20. Bd3 Qf8 21. g5 hxg5 22. Qg4+ Kd8 23. Qxg5+ f6 24. Qxg7 Rb7 25. Qxf8 Rxf8 26. h6 f5 27. Rh1 Rh8 28. Bg5+ Be7 29. f4 Ke8 30. Rbg1 Bf8 31. Be2 Be6 32. Re1 Kd7 33. Rh2 Kd6 34. Reh1 Rbh7 35. Kd3 Bf7 36. b3 Rg8 37. c4 dxc4+ 38. bxc4 Be7 39. Rg2 Bf8 40. Rhh2 Kc5 41. Kc3 Rgh8 42. Rh1 Kd6 43. Rd1+ Kc7 44. Rh1 Kd6 45. Kd4 c5+ 46. Kc3 Be6 47. Bf3 Kc7 48. Rb1 Bc8 49. Rh1 Be6 50. Bd5 Bxd5 51. cxd5 Bd6 52. Rb1 Re8 53. Rbb2 Kc8 54. Kd3 Re4 55. Rge2 Bxf4 56. Bxf4 Rxf4 57. Re8+ Kc7 58. Reb8 Rxh6 59. R2b7+ Kd6 60. Rd8+ Ke5 61. Re7+ Kf6 62. Rxa7 1/2-1/2

[Event "POL Youth-ch U20 Girls 2020"]
[Site "Pokrzywna"]
[Date "2020.12.04"]
[Round "7.14"]
[White "Hertlein, Irena"]
[Black "Siekanska, Maria"]
[Result "0-1"]
[WhiteElo "1893"]
[BlackElo "1919"]
[Annotator "RC"]
[PlyCount "120"]
[EventDate "2020.11.29"]
[EventType "swiss"]
[EventCountry "POL"]
[SourceTitle "playchess.com"]
[Source "ChessBase"]
[SourceQuality "1"]
[TimeControl "40/5400+30:1800+30"]

1. e4 c6 2. d4 d5 3. Nd2 dxe4 4. Nxe4 Bf5 5. Ng3 Bg6 6. h4 h6 7. h5 Bh7 8. Nf3 e6 9. Bd3 Bxd3 10. Qxd3 Nd7 11. Bd2 Ngf6 12. O-O-O Be7 13. Ne4 Nxe4 14. Qxe4 Nf6 15. Qe2 O-O 16. g4 Nh7 17. Be3 Qa5 18. Kb1 c5 19. dxc5 Bxc5 20. Bxc5 Qxc5 21. Ne5 Rfd8 22. f4 Rac8 23. c3 b5 24. g5 hxg5 25. h6 g6 26. Nxg6 Qf5+ 27. Ka1 fxg6 28. fxg5 Rxd1+ 29. Qxd1 Rf8 30. a3 Qf3 31. Qb1 Qf5 32. Qd1 a5 33. Qd7 Qe5 34. Qd3 Qxg5 35. Qd7 Qe5 36. Rg1 g5 37. Qd3 Rf6 38. Qd8+ Nf8 39. Qe7 Rf5 40. Kb1 a4 41. Ka1 Kh8 42. Ka2 Qf6 43. Qb7 Qf7 44. Qb8 e5+ 45. Ka1 g4 46. Qxb5 g3 47. c4 Rf1+ 48. Rxf1 Qxf1+ 49. Ka2 Ng6 50. Qd7 Qxc4+ 51. Ka1 Qc1+ 52. Ka2 Qxh6 53. Qg4 Ne7 54. Qxg3 Qe6+ 55. Ka1 e4 56. Qh4+ Kg7 57. Qg3+ Kf7 58. Qf4+ Qf5 59. Qh6 Nd5 60. Qa6 e3 0-1

[Event "POL Youth-ch U20 Girls 2020"]
[Site "Pokrzywna"]
[Date "2020.12.04"]
[Round "7.15"]
[White "Wolagiewicz, Kinga"]
[Black "Pietrzak, Emilia"]
[Result "1-0"]
[WhiteElo "1791"]
[BlackElo "1522"]
[Annotator "NA RC"]
[PlyCount "97"]
[EventDate "2020.11.29"]
[EventType "swiss"]
[EventCountry "POL"]
[SourceTitle "playchess.com"]
[Source "ChessBase"]
[SourceQuality "1"]
[TimeControl "40/5400+30:1800+30"]

1. e4 c5 2. Nf3 Nc6 3. d4 cxd4 4. Nxd4 Nf6 5. Nc3 e5 6. Ndb5 d6 7. a4 a6 8. Na3 Bg4 9. f3 Be6 10. Bc4 Nb4 11. Bg5 Rc8 12. Bxf6 gxf6 13. Nd5 Nxd5 14. Bxd5 Qa5+ 15. c3 Bxd5 16. Qxd5 Qxd5 17. exd5 Bh6 18. Kf2 Kd7 19. g4 Bf4 20. h3 h5 21. Rhe1 Rh6 22. Re4 Rg8 23. Rg1 hxg4 24. hxg4 Rh2+ 25. Rg2 Rxg2+ 26. Kxg2 Rc8 27. Rb4 Rc7 28. Nc4 b5 29. axb5 axb5 30. Na3 Be3 31. Rxb5 Rc5 32. Rxc5 dxc5 33. Nc4 Bf4 34. Kf2 Bg5 35. Ke2 Bf4 36. b4 cxb4 37. cxb4 Kc7 38. b5 e4 39. fxe4 Kd7 40. Kd3 Bg3 41. Ne3 Kc7 42. Kc4 Be5 43. Nf5 Bh2 44. Nh6 Bg3 45. Nxf7 Bf4 46. Kd4 Bg3 47. g5 fxg5 48. Nxg5 Kd7 49. e5 1-0

[Event "POL Youth-ch U20 Girls 2020"]
[Site "Pokrzywna"]
[Date "2020.12.05"]
[Round "8.1"]
[White "Kiolbasa, Oliwia"]
[Black "Rudzinska, Michalina"]
[Result "0-1"]
[WhiteElo "2260"]
[BlackElo "2189"]
[Annotator "TA"]
[PlyCount "86"]
[EventDate "2020.11.29"]
[EventType "swiss"]
[EventCountry "POL"]
[SourceTitle "playchess.com"]
[Source "ChessBase"]
[SourceQuality "1"]

{[%evp 17,86,14,26,-14,0,0,0,0,0,0,47,21,25,1,42,46,31,44,63,55,47,50,58,53,56,53,42,48,51,52,83,81,87,89,104,88,99,88,119,112,127,45,94,0,152,139,153,-275,-281,-278,-270,-247,-234,-316,-282,-282,-298,-299,-293,-347,-314,-347,-347,-347,-347,-347,-347,-390,-398,-415,-395]} 1. e4 c5 2. Nf3 d6 3. d4 cxd4 4. Nxd4 Nf6 5. Nc3 a6 6. Be2 e5 7. Nb3 Be6 8. O-O Be7 9. Qd3 O-O 10. Nd5 {B92: Sicilian Najdorf: 6 Be2.} Nxd5 11. exd5 Bc8 12. a4 {The position is equal. has lost popularity (12.Be3).} Nd7 13. a5 Bg5 {[#]} 14. c4 $146 ({Predecessor:} 14. Nd2 b5 15. axb6 Nxb6 16. b4 f5 17. c4 e4 18. Qb1 Nd7 19. Nb3 Ne5 20. Nd4 Bxc1 21. Rxc1 {1-0 (48) Serafim,J (2540)-Czukor,J (2490) ICCF email 2004}) 14... f5 15. f3 f4 16. Nd2 Rf6 17. Ne4 Rg6 18. Qc2 Nf6 19. Bd3 Nxe4 20. Bxe4 Rh6 21. b4 Qe8 22. Bf5 Qh5 23. h3 Bf6 24. Bxc8 Rxc8 25. Ra2 Rg6 26. Kh1 Be7 27. Ba3 Rg3 {[#]} 28. c5 $1 Qf7 29. Rd1 (29. Qe4 $16) 29... Bf8 30. Qc4 ({Better is} 30. Rb2 $16) 30... Kh8 $2 (30... g5 $11) 31. Rc2 Qf5 32. Qd3 $2 {[#] Now White is beyond hope.} (32. Bb2 $16) 32... e4 $1 $19 {[%cal Re4d3][%mdl 576] Deflection} 33. Qxe4 Qxe4 34. fxe4 {aiming for Bc1.} Rxa3 35. c6 bxc6 36. dxc6 Kg8 37. c7 Kf7 38. e5 Ke6 ({Avoid the trap} 38... dxe5 $2 39. Rd8 $18) 39. exd6 {Strongly threatening d7.} Kd7 ({Not} 39... Bxd6 40. Rc6 $16) 40. Rc4 Re3 ({Weaker is} 40... Bxd6 41. Rcd4 $11) 41. Rxf4 {Black must now prevent Rf7+.} Bxd6 {[%mdl 64] Double Attack} 42. Rf5 Ke6 43. Rg5 Be5 {Weighted Error Value: White=0.40/Black=0.17} 0-1

[Event "POL Youth-ch U20 Girls 2020"]
[Site "Pokrzywna"]
[Date "2020.12.05"]
[Round "8.2"]
[White "Antolak, Julia"]
[Black "Wikar, Martyna"]
[Result "1/2-1/2"]
[WhiteElo "2313"]
[BlackElo "2171"]
[Annotator "TA"]
[PlyCount "185"]
[EventDate "2020.11.29"]
[EventType "swiss"]
[EventCountry "POL"]
[SourceTitle "playchess.com"]
[Source "ChessBase"]
[SourceQuality "1"]

{[%evp 29,185,32,42,35,33,40,75,75,72,46,39,45,41,37,72,61,54,64,74,50,76,75,95,-17,-16,-58,-60,-82,-55,-51,-52,-104,-92,-188,-185,-188,-183,-188,-184,-181,-178,-175,-143,-188,-181,-189,-60,-142,0,-74,-48,-87,-87,-87,-87,-73,-78,-60,0,0,0,-116,-115,-207,-89,-89,-89,-90,-88,-94,-93,-75,-75,-104,-95,-114,-114,-227,-227,-237,-237,-237,-237,-241,-237,-241,-241,-241,-237,-241,-241,-241,-241,-241,-241,-241,-241,-262,-262,-262,-262,-262,-241,-262,-262,-262,-241,-241,-241,-241,-237,-237,0,-241,0,-237,-237,-237,-232,-241,-237,-237,-237,-262,-262,-262,-262,-262,-241,-241,-241,-241,-238,-241,-230,-488,-230,-230,-229,-200,-124,-230,-234,-346,-230,-234,-253,-253,-8,-8,0,0,0,0,0,0,0,0]} 1. e4 c5 2. Nf3 Nc6 3. d4 cxd4 4. Nxd4 e5 5. Nb5 d6 6. a4 Be7 7. N1c3 a6 8. Na3 Be6 9. Bc4 Nf6 10. Bg5 O-O 11. Bxf6 Bxf6 12. O-O Rc8 13. Nd5 Bg5 14. c3 Ne7 {has lost popularity (14...Kh8).} 15. Qb3 Bxd5 16. Bxd5 {B33: Sicilian: Pelikan and Sveshnikov Variations.} Nxd5 17. Qxd5 Qe7 18. Rfd1 {White is better.} Rfd8 19. Rd3 Rc5 20. Qb3 Qc7 21. Rad1 {[#]} g6 $146 ({Predecessor:} 21... Qc6 22. Rd5 Kf8 23. Kf1 Rxd5 24. Rxd5 Rc8 25. g3 Bd8 26. Ke2 Bb6 27. f3 Ke7 28. Kd3 Bc5 29. Nc2 Rc7 30. Ne1 Bg1 31. Qb4 {½-½ (31) Ladanyike Karakas,E-Csom,E (2100) Hungary 1989}) 22. Nc2 Qc6 23. Rd5 $1 Kg7 24. Nb4 Qb6 25. Qa2 $1 h5 26. Qb1 (26. R5d3 $16) 26... a5 $11 27. Nc2 Qb3 28. Ne1 Rxd5 29. Rxd5 Qxa4 30. b3 ({Better is} 30. Kf1 $15) 30... Qc6 $17 31. Nf3 (31. Qd3 $17) 31... Be7 $1 $19 32. Qd3 Ra8 33. g3 a4 34. bxa4 Rxa4 ({Don't play} 34... Qxa4 35. Rb5 $17) 35. Nd2 Qa6 36. Qb5 Ra1+ 37. Kg2 Qc6 (37... Qa3 $1 $19 38. Qc4 Qc1) 38. Qd3 (38. Nc4 $15) 38... Ra4 ({Black should play} 38... h4 $17 {Hoping for ...Qc8.} 39. c4 Qa4) 39. h4 (39. Kg1 $1 $11) 39... Bf8 40. Rb5 Kg8 $36 {[%mdl 2048] White is under strong pressure.} 41. c4 Bh6 {Strongly threatening ...Bxd2.} 42. Qb3 Ra6 43. Nf3 Qxe4 (43... b6 $15) 44. Rxb7 $11 {White wants to play c5!} Qf5 45. c5 (45. Rc7 $11 {remains equal.}) 45... dxc5 $17 {[#]} 46. Qd5 (46. Nxe5 $1 $17 {[%mdl 512]} Rf6 (46... Qxe5 47. Qxf7+) 47. Nf3) 46... Rf6 (46... e4 $19 {is more deadly.} 47. Qxf5 (47. Ne5 $2 Rf6 $19) 47... gxf5) 47. Rb8+ Bf8 $1 48. Re8 e4 49. Qxe4 Qxe4 50. Rxe4 {[%mdl 4096] Endgame KRB-KRN} Rc6 51. Nd2 Bg7 52. Re8+ Kh7 53. Re7 (53. Re4 $17) 53... c4 $1 $19 54. Nxc4 Rxc4 55. Rxf7 {KRB-KR} Kg8 56. Rf3 Be5 57. Kg1 Kg7 58. Kg2 Rc6 59. Kg1 Rc3 60. Kg2 Rc2 61. Kg1 Bf6 62. Kg2 Kf7 63. Re3 Bd4 64. Rf3+ Ke6 65. Rf4 Be5 66. Rf3 Kd5 67. Rd3+ Ke4 68. Re3+ Kf5 69. Rf3+ Kg4 70. Rb3 Kf5 71. Rf3+ $1 Ke4 72. Re3+ {[#]} Kd4 $1 73. Rf3 Re2 74. Kf1 Rd2 75. Kg2 Kd5 76. Kf1 Bd4 77. Kg2 Re2 78. Kf1 Re5 79. Ra3 Rf5 80. Ra2 Ke4 81. Kg2 Kd3 82. Kf1 $2 {[#]} (82. g4 {keeps fighting.} Rb5 83. Kg3) 82... Bc3 (82... Bxf2 $142 $1 {[%mdl 512]} 83. Kg2 (83. Rxf2 Ke3) 83... Bb6) 83. Kg2 {White hopes to continue with Ra6.} Rf6 84. Ra3 Kd2 85. Rb3 (85. Ra2+ $17 {was called for.} Kd3 86. Ra3) 85... Bd4 86. Rf3 (86. f3 $142) 86... Ke2 87. Rxf6 Bxf6 88. g4 hxg4 $2 (88... Bd4 $19 89. gxh5 gxh5) 89. Kg3 $11 {[#]The position is equal.} Bxh4+ $1 90. Kxh4 $19 {KPP-KP} Kf3 {( -> ...Kf4)} 91. Kg5 g3 92. fxg3 Kxg3 93. Kxg6 {Accuracy: White = 66%, Black = 71%.} 1/2-1/2

[Event "POL Youth-ch U20 Girls 2020"]
[Site "Pokrzywna"]
[Date "2020.12.05"]
[Round "8.3"]
[White "Parol, Pola"]
[Black "Malicka, Maria"]
[Result "1/2-1/2"]
[WhiteElo "2069"]
[BlackElo "2291"]
[Annotator "TA"]
[PlyCount "138"]
[EventDate "2020.11.29"]
[EventType "swiss"]
[EventCountry "POL"]
[SourceTitle "playchess.com"]
[Source "ChessBase"]
[SourceQuality "1"]

{[%evp 18,138,28,2,47,53,66,63,57,72,75,75,87,83,79,47,47,46,68,44,31,8,27,29,31,23,51,59,91,79,121,112,147,130,122,112,125,117,113,103,131,64,216,132,149,-124,0,0,0,0,190,158,169,143,64,26,26,26,30,26,26,26,29,30,26,26,29,30,49,47,46,33,33,27,50,47,77,67,96,73,143,145,144,31,83,81,73,79,79,68,178,95,87,0,154,0,81,0,147,25,30,30,30,30,30,30,30,14,22,0,30,0,26,0,0,0,0,0,0,0,0,0,0]} 1. e4 c5 2. Nf3 d6 3. d4 cxd4 4. Nxd4 Nf6 5. Nc3 a6 6. a4 e5 7. Nf3 Qc7 8. Bg5 Nbd7 9. Nd2 h6 10. Bh4 Be7 {B90: Sicilian Najdorf: Unusual White 6th moves, 6 Be3 Ng4 and 6 Be3 e5.} (10... g5 $5 {[%cal Rg5h4]} 11. Bg3 Nc5 $11) 11. Nc4 g5 12. Bg3 {[#]} Nf8 $146 {White is slightly better.} ({Predecessor:} 12... Nc5 13. Nd5 Nxd5 14. exd5 Ne4 15. Bd3 Qc5 16. Ne3 Nxg3 17. hxg3 Qb4+ 18. c3 Qxb2 {1-0 (31) Karthikeyan,M (2495)-Visakh,N (2300) Pune 2014}) 13. h4 Ng6 14. hxg5 hxg5 15. Rxh8+ Nxh8 16. Qd3 Be6 17. O-O-O {[%cal Rc4d6]} Rd8 18. Ne3 Ng6 19. Be2 Qc6 20. Ned5 Bxd5 21. exd5 Qd7 22. Rh1 Rc8 23. Kb1 Rc5 24. f3 Bd8 25. Ne4 Nxe4 26. Qxe4 f5 27. Qd3 Bf6 28. Qb3 Ra5 29. Bd3 (29. Be1 $1 $16 {[%cal Re1a5]} Rxa4 30. c4) 29... Ne7 $2 (29... Qxa4 $14 30. Qxa4+ Rxa4) 30. Rh6 Kf7 31. Qb6 $2 {[%mdl 8192]} ({Not} 31. Rh7+ Kg6 $11) (31. Be1 $1 $16 {[%cal Re1a5] is forced if you want to stay better.} Rxa4 32. c4) 31... Rxa4 (31... Qxa4 $17 {[%csl Ga5][%cal Ra4a1]} 32. Kc1 Rxd5 33. Rh7+ (33. Qxb7 $2 Qa1+ 34. Kd2 Kg7 $19) 33... Kg6 34. Rxe7 Bxe7 35. Qxb7 Rxd3 $1 {[%mdl 512]} 36. cxd3 Kf6) 32. c4 $11 Kg7 33. Rh1 {[%cal Bh6h1,Bh1c1,Bc1c7][%mdl 32]} Ng8 $2 (33... e4 $11 34. fxe4 fxe4 35. Bxe4 Rxc4) 34. Qb3 Ra5 35. Bf2 {And now Bb6 would win.} b5 (35... Qa4 $16 36. Qxa4 Rxa4) 36. Bb6 bxc4 37. Bxc4 Ra4 38. Rc1 Ne7 39. Bd3 {Black must now prevent g3.} Rh4 40. Rc7 Qa4 $1 {[%cal Ra4b3]} 41. Qxa4 Rxa4 42. Bxf5 Rb4 43. Ba5 Rb5 $1 {[%cal Rb5a5]} 44. Bc3 {Rd7 is the strong threat.} Rxd5 ({But not} 44... Kh6 $2 45. Be4 $18) 45. Be4 Rd1+ 46. Kc2 Rg1 47. g4 {Strongly threatening Rd7.} Kf7 48. Ra7 {Threatens to win with Bb4.} Ke6 (48... Rg2+ $142 49. Kb3 Ke6) 49. Rxa6 $16 {aiming for Bb4.} Nd5 50. Bf5+ (50. b4 $1 $16) 50... Ke7 ({Black should try} 50... Kf7 $14) 51. Ra7+ Kf8 52. Bd2 Ne7 53. Be6 d5 (53... Nc6 $14 54. Rf7+ Ke8) 54. Ra8+ (54. b4 $1 $18) 54... Kg7 55. Ra7 (55. b4 $142) 55... Kf8 $1 {[#]} 56. Ra8+ (56. b4 $142 $1) 56... Kg7 57. Ra7 ({White should play} 57. b4) 57... Kf8 $1 {[#]} 58. Kd3 (58. b4 $1 $16) 58... e4+ 59. fxe4 dxe4+ 60. Kxe4 {Hoping for b4.} Bxb2 61. Bb4 {Cut Off at move 61} Bf6 62. Ra8+ Kg7 63. Ra7 Kf8 64. Ra8+ (64. Rb7 {looks sharper.} Rf1 65. Ke3 Kg7 66. Bd5 Kh6 67. Ke2) 64... Kg7 65. Bxe7 (65. Bd2 {keeps more tension.} Rb1 66. Ra7 Rb6 67. Bc4 Rc6 68. Ba2) 65... Bxe7 {The position is equal.} 66. Bf5 Re1+ 67. Kd5 Bb4 68. Ra6 Bd2 69. Rg6+ Kf7 {Weighted Error Value: White=0.32/Black=0.24} 1/2-1/2

[Event "POL Youth-ch U20 Girls 2020"]
[Site "Pokrzywna"]
[Date "2020.12.05"]
[Round "8.4"]
[White "Karykowska, Anna"]
[Black "Goraj, Barbara"]
[Result "1-0"]
[WhiteElo "1979"]
[BlackElo "2078"]
[Annotator "TA"]
[PlyCount "73"]
[EventDate "2020.11.29"]
[EventType "swiss"]
[EventCountry "POL"]
[SourceTitle "playchess.com"]
[Source "ChessBase"]
[SourceQuality "1"]

{[%evp 24,73,-13,-11,0,-12,0,-8,0,-14,-7,-39,-25,-35,7,0,0,-19,41,41,147,12,14,27,14,7,15,10,17,15,9,20,12,0,0,0,12,7,85,58,1706,1557,1700,1550,29985,29986,29973,6636,29992,29992,29992,29993]} 1. e4 c5 2. Nf3 Nc6 3. d4 cxd4 4. Nxd4 Nf6 5. Nc3 d6 6. g3 g6 7. Nde2 Bg7 8. Bg2 O-O 9. O-O Rb8 10. a4 a6 11. h3 b5 12. axb5 axb5 13. Nd5 e6 {B70: Sicilian Dragon: 6 g3 and 6 Be2 (without a later Be3).} 14. Nxf6+ Bxf6 15. c3 {[#]} e5 $146 {The position is equal.} ({Predecessor:} 15... b4 16. Nd4 Nxd4 17. cxd4 Bb7 18. Be3 d5 19. e5 Be7 20. f4 Ra8 21. Rxa8 Qxa8 {1-0 (36) Eslon,J (2385)-Hernandez Onna,R (2435) Alicante 1977}) 16. Be3 Be6 17. Ra6 Qc7 18. Qd2 Rfd8 19. Rfa1 b4 20. cxb4 Bc4 (20... Nxb4 $11 21. Ra7 Qc2) 21. R6a4 Bb5 {[#]} (21... Qd7 $14) 22. R4a3 (22. Nc3 $1 $16 {[%cal Rc3d5] Nd5 is the strong threat.} Qd7 23. Nxb5 Rxb5 24. Bf1) 22... Bxe2 $11 23. Qxe2 Rxb4 24. Rc3 Qb7 25. Qf3 Be7 26. Rac1 Nd4 27. Bxd4 Rxd4 28. b3 {Strongly threatening Rc7.} Rd7 29. h4 $36 {[%mdl 2048] White is more active.} Bd8 30. Rc8 {Hoping for Bh3.} Kg7 {[#]} (30... d5 $11) 31. h5 $1 $16 Rc7 $2 {[%mdl 8192] [#] Loses the game.} (31... Bg5 $14) 32. h6+ $1 $18 {[%mdl 512]} Kxh6 33. R8xc7 Bxc7 34. Qxf7 Qc8 35. Rxc7 Qg4 36. Qxh7+ Kg5 {[#]} 37. Bf3 $1 {Weighted Error Value: White=0.14/Black=0.72} 1-0